000 01187nam a2200253 a 4500
001 BRCA_586
005 20190320203055.0
008 880714s1988 ohua---##b---#000-0#eng-#
020 _a091557716X
041 _aeng
044 _aohu
050 4 _aNK4565.5
_b.K47 1988
100 1 _aKeppel, Sheila
_92015
245 1 0 _aChina in 1700
_bKangxi Porcelains at the Taft Museum
_cSheila Keppel ; [photography Tony Walsh, Anthony Lauro, Ron Forth].
260 _aCincinnati, Ohio
_bThe Taft Museum
_cc1988
300 _a24 p.
_bil. (algunas a color)
_c22 cm.
500 _aCatálogo de la exposición realizada en The Taft Museum (Cincinnati, Ohio), 8 septiembre - 23 octubre, 1988 ; en el Flint Institute of Arts in the DeWaters Art Center (Flint, Michigan), 15 abril - 10 junio, 1989 y en la Ball State University, College of Fine Arts, Art Gallery, 16 julio - 17 septiembre, 1989
600 1 4 _aKangxi
_cEmperor of China
_d1654-1722
_vExposiciones
_xMecenazgo artístico
_92016
610 2 4 _aTaft Museum
_vExposiciones
_92017
650 1 4 _aPorcelana china
_vExposiciones
_yDinastía Ming-Qing, 1368-1912
_92018
700 1 _aWalsh, Tony
_92019
700 1 _aLauro, Anthony
_92020
942 _2lcc
_cB
999 _c514
_d514